When You're In Love Lyrics - Maybe Happy Ending - Statistics

General Stats
  • This quiz has been taken 27 times
  • The average score is 218 of 284
Answer Stats
Hint Answer % Correct
a
100%
A
100%
are
100%
half
100%
half)
100%
I
100%
in
100%
is
100%
love
100%
love)
100%
on
100%
one
100%
only
100%
the
100%
The
100%
(Oliver) (The
100%
Both | Claire | Oliver When
100%
when
100%
(Oliver) (When
100%
you
100%
your
100%
you're
100%
You're
100%
(Oliver) (You're
100%
loneliest
90%
of
90%
were
90%
what
90%
as
80%
by
80%
day
80%
how
80%
instead
80%
part
80%
side
80%
sit
80%
Claire | Oliver Sitting
80%
sitting
80%
to
80%
drifts
70%
frown
70%
get
70%
I'm
70%
Seeing
70%
want
70%
want)
70%
Wanting
70%
Watching
70%
whole
70%
happy
60%
Hoping
60%
hoping
60%
impatient
60%
know
60%
satisfied
60%
that
60%
thing
60%
try
60%
with
60%
all
50%
always
50%
done
50%
hold
50%
laugh
50%
moment
50%
my
50%
never
50%
out
50%
reach
50%
trying
50%
am
40%
at
40%
feel
40%
fight
40%
funny
40%
Helping
40%
made
40%
name
40%
need
40%
right
40%
say
40%
tease
40%
things
40%
think
40%
up
40%
without
40%
you'll
40%
afternoon
30%
car
30%
chance
30%
charm
30%
for
30%
heart
30%
invite
30%
learn
30%
little
30%
make
30%
Making
30%
Both Now
30%
now
30%
put
30%
sunny
30%
unintended
30%
Waiting
30%
Wishing
30%
beside
20%
me
20%
plans
20%
Talking
20%
will
10%
No matching quizzes found
Score Distribution
Percent of People with Each Score
Percentile by Number Answered
Your Score History
You have not taken this quiz